Collins Cobuild : English grammar exercises /

Bibliographic Details
Main Author: Shaw, Katy
Format: Book
Published: London: HarperCollins, c1992.
Subjects:
LEADER 00452cam a2200169 7i4500
001 0000021127
005 20151104090000.0
005 ##20151104123700.0
003 ##MY-KlINT
020 # # |a 0003704289  
039 # 9 |y 201511041237  |z VLOAD 
090 0 0 |a E 428.24   |b SHA 
100 1 # |a Shaw, Katy 
245 0 0 |a Collins Cobuild :   |b English grammar exercises /   |c Katy Shaw. 
260 # # |a London:   |b HarperCollins,   |c c1992. 
300 # # |a 108 p.. 
650 # 0 |a English language --   |x Grammar